| 000 | 00881cab a22002295a 4500 | ||
|---|---|---|---|
| 001 | L160044 | ||
| 008 | 150113e2016 xxk 000 0 eng d | ||
| 035 | _a(Sirsi) u160044 | ||
| 041 | 0 | _aeng | |
| 050 | _a690.241 | ||
| 100 | 1 | _aHarris, Andrew | |
| 245 | 0 | 4 |
_aThe Anne Boleyn Gatehouse _h[electronic resource] |
| 260 |
_aLondon _bRICS _c2016 |
||
| 490 |
_aRICS Building Surveying Journal _vMarch 2016 - April 2016, 30-33(4) |
||
| 520 | _aDescribes how the Anne Boleyn Gatehouse embodies centuries of building, repair and continual change in his second article detailing conservation work at Hampton Court Palace. | ||
| 650 | 2 | 4 | _aHISTORIC BUILDINGS |
| 650 | 2 | 4 | _aCONSERVATION |
| 651 | 4 | _aUnited Kingdom | |
| 690 | _aConservation and restoration | ||
| 856 | 4 | 0 |
_uhttps://issuu.com/ricsmodus/docs/bsj___bcj_march_april_2016 _yAvailable free online via Issuu |
| 942 |
_n0 _2ddc |
||
| 999 |
_c85159 _d85159 |
||